La escritura de la Historia
Saved in:
| Main Author: | |
|---|---|
| Format: | Book |
| Language: | Spanish |
| Published: |
Ciudad de México, México
Universidad Iberoamericana
1993
Ciudad de México ITESO 1993 |
| Edition: | 2a. ed |
| Series: | El Oficio de la Historia
|
| Subjects: | |
| Tags: |
Add Tag
No Tags, Be the first to tag this record!
|
MARC
| LEADER | 00000cam a2200000 a 4500 | ||
|---|---|---|---|
| 001 | UCC2516 | ||
| 003 | CL-VaPUC | ||
| 005 | 20210604102149.0 | ||
| 008 | 180309e19930000mx |||||||||||||||||spa|d | ||
| 999 | |c 370598 |d 370596 | ||
| 020 | |a 9789688591208 | ||
| 040 | |c Pontificia Universidad Católica de Valparaíso | ||
| 082 | 0 | 4 | |a 907 CER 1993 |2 21 |
| 100 | 0 | |a Certeau, Michel de |e author |9 324794 | |
| 245 | 1 | 3 | |a La escritura de la Historia |
| 250 | |a 2a. ed | ||
| 260 | |a Ciudad de México, México |b Universidad Iberoamericana |c 1993 | ||
| 260 | |a Ciudad de México |b ITESO |c 1993 | ||
| 300 | |a 334 páginas | ||
| 440 | |a El Oficio de la Historia |9 861246 | ||
| 500 | |a c.2 Donación VRA. N. Vásquez L. | ||
| 583 | |a last modification |c 20180309 22:06:00 |k Rodrigo Vera | ||
| 650 | 0 | |a Historiografía |9 257871 | |
| 942 | |c BK |2 ddc | ||
| 945 | |d 20180309 22:06:00 |a dcastane | ||
| 952 | |0 0 |1 0 |2 ddc |3 erb |4 0 |6 907_000000000000000_CER_1993 |7 0 |8 A |9 487140 |a BIBEDU |b BIBEDU |i 5452708 |l 1 |m 1 |o 907 CER 1993 |p 5452708 |r 2024-05-10 |s 2024-03-27 |w 2019-11-24 |y BK |z Catalogado en:20180309 |k LIT | ||
| 952 | |0 0 |1 0 |2 ddc |4 0 |6 907_000000000000000_CER_1993 |7 0 |8 A |9 578010 |a BIBHIS |b BIBHIS |d 2021-06-04 |i 5622166 |l 2 |m 3 |o 907 CER 1993 |p 5622166 |q 2025-05-23 |r 2025-03-25 |s 2025-03-25 |t 2 |w 2021-06-04 |y BK |k HIS | ||